Flats as a way of life: flat management companies in England and Wales. (Record no. 94427)

MARC details
000 -LEADER
fixed length control field 00865cam a2200277 4500
008 - FIXED-LENGTH DATA ELEMENTS--GENERAL INFORMATION
fixed length control field 090401t1994 xxu||||| |||| 00| 0 eng d
020 ## - INTERNATIONAL STANDARD BOOK NUMBER
International Standard Book Number 0947763910
035 ## - SYSTEM CONTROL NUMBER
System control number (Sirsi) u62509
041 ## - LANGUAGE CODE
Language code of text/sound track or separate title eng
050 ## - LIBRARY OF CONGRESS CALL NUMBER
Classification number 306.2
100 ## - MAIN ENTRY--PERSONAL NAME
Personal name Dixon, Timothy
245 ## - TITLE STATEMENT
Title Flats as a way of life: flat management companies in England and Wales.
260 ## - PUBLICATION, DISTRIBUTION, ETC.
Place of publication, distribution, etc. Reading
Name of publisher, distributor, etc. College of Estate Management
Date of publication, distribution, etc. 1994
300 ## - PHYSICAL DESCRIPTION
Extent xii,113p. ; 30cm.
350 ## - PRICE (NR) (BK AM CF MU VM SE) [OBSOLETE]
Price 9.95
490 ## - SERIES STATEMENT
Series statement College of Estate Management Research Paper
520 ## - SUMMARY, ETC.
Summary, etc. Research project funded by the Joseph Rowntree Foundation.
650 ## - SUBJECT ADDED ENTRY--TOPICAL TERM
Topical term or geographic name entry element FLAT MANAGEMENT COMPANIES
650 ## - SUBJECT ADDED ENTRY--TOPICAL TERM
Topical term or geographic name entry element JOSEPH ROWNTREE FOUNDATION
650 ## - SUBJECT ADDED ENTRY--TOPICAL TERM
Topical term or geographic name entry element MANAGEMENT COMPANIES
690 ## - LOCAL SUBJECT ADDED ENTRY--TOPICAL TERM (OCLC, RLIN)
Topical term or geographic name as entry element Block management
9 (RLIN) 6220
700 ## - ADDED ENTRY--PERSONAL NAME
Personal name Pottinger, Gaye
710 ## - ADDED ENTRY--CORPORATE NAME
Corporate name or jurisdiction name as entry element College of Estate Management
9 (RLIN) 400
942 ## - ADDED ENTRY ELEMENTS (KOHA)
Suppress in OPAC 0
948 ## - LOCAL PROCESSING INFORMATION (OCLC); SERIES PART DESIGNATOR (RLIN)
c (OCLC) 04/03/1997
Holdings
Withdrawn status Lost status Source of classification or shelving scheme Damaged status Not for loan Home library Current library Shelving location Date acquired Cost, normal purchase price Total Checkouts Full call number Barcode Date last seen Date last checked out Copy number Cost, replacement price Price effective from Koha item type
    Dewey Decimal Classification     London London Folio 27/02/1995 9.95 6 F306.2 30045051 06/08/2019 27/10/2001 1 9.95 06/08/2019 Book